| 000 | 00869nam a2200229Ia 4500 | ||
|---|---|---|---|
| 003 | OSt | ||
| 005 | 20260105122841.0 | ||
| 008 | 220923b |||||||| |||| 00| 0 eng d | ||
| 020 | _a0226257835 | ||
| 037 | _cGeneral Book | ||
| 040 |
_aRTL _cRTL _beng |
||
| 041 |
_2eng _aeng |
||
| 084 |
_aY:3(S5).5, N2 _qRTL |
||
| 245 | 0 | _aForbidden history: the state, society and the regulation of sexuality in modern Europe. Essays from the journal of the History of Sexuality | |
| 260 |
_aChicago _bUniversity Chicago Press _c1992 |
||
| 300 |
_aviii, 401 p. _bIncludes bibliographical references and index. |
||
| 650 |
_aEuropean Studies Programme _9233384 |
||
| 650 |
_a Sociology _9861824 |
||
| 700 |
_aFout John C. _eEditor _9861825 |
||
| 942 |
_hY:3(S5).5, N2 _cGB _2CC _n0 |
||
| 999 |
_c500469 _d500469 |
||